Представление документа в формате MARC21

Поле Инд. ПП Название Значение
Тип записи a
Библиографический уровень m
001 Контрольный номер 0bf7113e-4f52-4c04-b149-05406e798289
005 Дата корректировки 20140703144812.6
008 Кодируемые данные 060615
020 c Цена, тираж б/ц
040 a Служба первич. каталог. НБ ТвГУ
041 a Код языка текста rus
080 a Индекс УДК 1(470)(092)"18/19"(043.3)
a Индекс УДК 929Бердяев
084 a Индекс другой классификации/Индекс ББК Ю3(2)61-63я031
090 x Авторский знак С13
a Полочн. индекс Ю3(2)61
100 1_ a Автор Савинцев Вячеслав Игоревич
245 10 a Заглавие Проблема времени в персонализме Н. А. Бердяева
b Продолж. заглавия автореф. дис. ... канд. филос. наук : 09.00.03
c Ответственность Рос. гос. ун-т им. Иммануила Канта
260 0_ a Место издания Калининград
b Издательство Российский гос. ун-т
c Дата издания 2006
300 a Объем 16, [1] с.
500 a Примечание На правах рукоп.
504 a Библиография Библиогр. в конце кн.
583 a Действие Получение впервые 229 14.06.2006
583 a Действие Приписка 317 01.09.2006
650 a Основная рубрика Бердяев, Николай Александрович, о нем
650 a Основная рубрика Философия
x Основная подрубрика История
y Хронологическая подрубрика 19-20 вв.
650 a Основная рубрика Русская философия
653 a Ключевые слова Бердаев
a Ключевые слова Русская философия
a Ключевые слова Персонализм
a Ключевые слова Я-бытие
a Ключевые слова Авторефераты
a Ключевые слова Персоналии
852 t Порядковый номер экземпляра 2
p Инвентарный номер б/н - 2 экз.
888 a Бесплатные
930 a Новая/Ретро авторефераты
a Новая/Ретро персоналии
952 p 229.2006 б/ц 1 б/н
p 317.2006 б/ц 1 б/н
c Вид литературы А/Р н
954 a Дата поступления на обработку 20060811
999 a Подразделение 2 ч.з.